Complete guide to the elementary learning center
This books uesd as an handbook about open plan school and elementary school teaching
Αποθηκεύτηκε σε:
| Κύριος συγγραφέας: | |
|---|---|
| Μορφή: | Βιβλίο |
| Γλώσσα: | Undetermined |
| Έκδοση: |
West Nyack, N.Y.
Parker Pub. Co.
1976
|
| Θέματα: | |
| Ετικέτες: |
Προσθήκη ετικέτας
Δεν υπάρχουν, Καταχωρήστε ετικέτα πρώτοι!
|
| Thư viện lưu trữ: | Trung tâm Học liệu Trường Đại học Cần Thơ |
|---|
| LEADER | 00658nam a2200193Ia 4500 | ||
|---|---|---|---|
| 001 | CTU_186676 | ||
| 008 | 210402s9999 xx 000 0 und d | ||
| 082 | |a 372.13 | ||
| 082 | |b P613 | ||
| 100 | |a Piechowiak, Ann B. | ||
| 245 | 0 | |a Complete guide to the elementary learning center | |
| 245 | 0 | |c Ann B. Piechowiak and Myra B. Cook | |
| 260 | |a West Nyack, N.Y. | ||
| 260 | |b Parker Pub. Co. | ||
| 260 | |c 1976 | ||
| 520 | |a This books uesd as an handbook about open plan school and elementary school teaching | ||
| 650 | |a Classroom learning centers,Trung tâm lớp học | ||
| 910 | |a Hải | ||
| 980 | |a Trung tâm Học liệu Trường Đại học Cần Thơ | ||